Guess the Fusion Rock Song Lyrics #280 - Statistics

General Stats
  • This quiz has been taken 10 times
  • The average score is 172 of 250
Answer Stats
Answer % Correct
a
100%
be
100%
me
100%
you
100%
You
100%
and
89%
don't
89%
for
89%
got
89%
I
89%
in
89%
love
89%
my
89%
of
89%
on
89%
to
89%
we
89%
We
89%
we'll
89%
We're
89%
we're
89%
what
89%
when
89%
your
89%
All
78%
all
78%
always
78%
are
78%
but
78%
But
78%
come
78%
couldn't
78%
get
78%
her
78%
just
78%
know
78%
life
78%
live
78%
make
78%
Oh
78%
oh
78%
the
78%
ask
67%
back
67%
eyes
67%
keep
67%
more
67%
our
67%
She's
67%
time
67%
with
67%
Cause
56%
dreams
56%
each
56%
living
56%
mind
56%
other
56%
take
56%
true
56%
we'd
56%
being
44%
friends
44%
high
44%
into
44%
lot
44%
money
44%
poor
44%
seem
44%
taking
44%
castle
33%
darlin
33%
dreamed
33%
holding
33%
honey
33%
hurry
33%
makin
33%
Making
33%
making
33%
nose
33%
old
33%
Paul Davis
33%
same
33%
Sharing
33%
such
33%
sweet
33%
watching
33%
grow
22%
shack
22%
Sometimes
22%
tight
22%
Bur
11%
hassle
11%
neat
11%
No matching quizzes found
Score Distribution
Percent of People with Each Score
Percentile by Number Answered
Your Score History
You have not taken this quiz